[Event "CZE-chT2V 9899"]
[Site "Czech Republic"]
[Date "1999.??.??"]
[Round "?"]
[White "Folk, Petr"]
[Black "Necada, Martin"]
[Result "1-0"]
[WhiteElo "2255"]
[BlackElo "2175"]
[PlyCount "57"]
[EventDate "1998.??.??"]
[EventType "team"]
[EventRounds "11"]
[EventCountry "CZE"]
[SourceTitle "EXT 2000"]
[Source "ChessBase"]
[SourceDate "1999.11.16"]
[SourceVersion "1"]
[SourceVersionDate "1999.11.16"]
[SourceQuality "1"]

1. e4 d6 2. d4 Nf6 3. Nc3 g6 4. Be3 c6 5. h3 b5 6. e5 Nfd7 7. exd6 exd6 8. d5 b4 9. Qd4 Ne5 10. Qxb4 c5 11. Qa4+ Bd7 12. Bb5 Bg7 13. f4 Bh6 14. Bf2 Bxb5 15. Qxb5+ Ned7 16. Qe2+ Kf8 17. Qf3 Na6 18. Nge2 Rb8 19. 0-0 Rxb2 20. Rab1 Rxb1 21. Rxb1 Nb4 22. a3 Nxc2 23. Nb5 Qe7 24. Qc3 Nd4 25. Nexd4 cxd4 26. Bxd4 f6 27. Re1 Qf7 28. Nxd6 Qxd5 29. Qc8+ 1-0